Iba Inter na kolenách Interpohár - 4. kolo: dva cenné body z Prahy a dva z domácej pôdy

Bibliographic Details
Main Authors: (bt) (Author), (slk) (Author), (šek) (Author)
Format: Article
Language:Slovak
Subjects:

MARC

LEADER 00000nab a2200000 a 4500
001 vtls000522228
003 SK-MaSNL
005 20260303004032.0
008 120928c1994 xo 0 slo
015 |a SNBRB19rr/mm-uuuuu 
035 |a CL0522366 
040 |a SNKBUCL  |b slo  |c SNKBUCL  |e AACR2 
041 0 |a slo 
044 |a xo  |c SK 
080 |a 796.332.093.1  |2 1981 
100 1 |a (bt)  |4 aut  |9 838974 
245 1 0 |a Iba Inter na kolenách  |b Interpohár - 4. kolo: dva cenné body z Prahy a dva z domácej pôdy  |c (bt), (slk), (šek) 
650 0 7 |a futbal  |2 snkbucl  |9 3291 
650 0 7 |a Interpohár 1994  |2 snkbucl  |9 982576 
655 7 |a články z novín a časopisov  |2 snkbucl  |9 267496 
700 1 |a (slk)  |4 aut  |9 885419 
700 1 |a (šek)  |4 aut  |9 925771 
773 0 |t Šport  |g Roč. 48, č. 171 (25. 7. 1994), s. 8 
850 |a Slovenská národná knižnica v Martine  |a MTA001 
852 |a SNK  |b KIS3GCP 
958 |a RK 
992 |a RBX 
999 |c 1575721  |d 1577651